000 00825nam a22002177a 4500
003 UA-OsUOA
001 136063
007 ta
008 20190304b un ||||| |||| 00| 0 ukr d
100 _aЛазарева А.
090 _a94(477)
_bЛ17
942 _cSA
040 _aUA-OsUOA
_bukr
_cUA-OsUOA
_dUA-OsUOA
245 _aПроти течії. 500 років тому на Паризькій мирній конференції українська делегація зіткнулася з проблемами, які до сьогодні залишаються невирішеними
300 _aС.55-58
955 _a0
041 _aukr
080 _a94(477)
773 0 _w136061
_tУкраїнський тиждень
_dК.
_d2019
_g8
650 7 _a9 Географія. Біографії. Історія
_2UDC
999 _c408978
_d408978